K vymedzeniu základných charakteristík investičných projektov

Popis jednotlivých charakteristík investičného projektu. Najčastejšie chyby pri ich vymedzovaní. Správne vymedzenie týchto charakteristík je nevyhnutnou podmienkou pre správnu aplikáciu príslušných metód pri rozhodovaní o tom, či projekt bude, prípadne nebude realizovaný.

Salvato in:
Dettagli Bibliografici
Autore principale: Belanová, Katarína, 1978-
Natura: Capitolo di libro
Lingua:slovacco
Soggetti:
Tags: Aggiungi Tag
Nessun Tag, puoi essere il primo ad aggiungerne!!

MARC

LEADER 00000nla a2200000 4500
001 0185045
005 20240502073154.2
041 0 |a slo 
044 |a SK 
245 1 0 |a K vymedzeniu základných charakteristík investičných projektov  |c Katarína Belanová 
520 |a Popis jednotlivých charakteristík investičného projektu. Najčastejšie chyby pri ich vymedzovaní. Správne vymedzenie týchto charakteristík je nevyhnutnou podmienkou pre správnu aplikáciu príslušných metód pri rozhodovaní o tom, či projekt bude, prípadne nebude realizovaný. 
610 2 0 |a rozhodovanie investičné 
610 2 0 |a projekty investičné 
610 2 0 |a riadenie projektové 
100 1 |a Belanová, Katarína, 1978-